La Salida de la ERP del FMLN

Uloženo v:
Podrobná bibliografie
Médium: Text
Témata:
Tagy: Přidat tag
Žádné tagy, Buďte první, kdo vytvoří štítek k tomuto záznamu!

MARC

LEADER 00000 a a2200000 04500
001 5899
003
040
245 |a La Salida de la ERP del FMLN  
650 |a PARTIDOS POLITICOS  
650 |a ELECCIONES  
650 |a POLITICA  
650 |a CULTURA POLITICA  
773 |g volumen 15, número 639; páginas 4-6  
999 |c 23140  |d 23140